• 首页
  • 本馆介绍
  • 公告通知
  • 最新文献
  • 馆藏检索
  • 电子资源
  • 读者导购
  • 参考咨询
  • 我的图书馆
  • 登录
  • 详细信息显示
  • 放入我的书架
  • 预约/预借图书
  • 作者相关作品
  • 分类相关作品
  • 丛书相关作品
  • 出版社相关作品

书目信息

  • 表格格式
  • 工作单格式
  • 卡片格式
题名:
儿童句式
    
 
作者: 周国光 , 王葆华 著
分册:  
出版信息: 北京   北京语言文化大学出版社  2001
页数: 343页
开本: 20cm
丛书名:
单 册:
中图分类: H193.1
科图分类:
主题词: 汉语--儿童语言--研究
电子资源:
ISBN: 7-5619-0935-7
000 00789nam0 2200229 45
001 0312081088
005 20031219104122.7
010    @a7-5619-0935-7@dCNY18.00
100    @a20031208d2001 km y0chiy0120 ea
101 0  @achi
105    @a z 000yy
200 1  @a儿童句式@AEr Tong Ju Shi@e发展研究和语言习得理论@EFa Zhan Yan Jiu He Yu Yan Xi De Li Lun@f周国光,王葆华著@FZhou Guo Guang,Wang Bao Hua Zhu
210    @a北京@c北京语言文化大学出版社@d2001
215    @a343页@d20cm
300    @a附录:神经语言学·大脑语言机构·失语症的症状
517    @a发展研究和语言习得理论@AFa Zhan Yan Jiu He Yu Yan Xi De Li Lun
606 0  @a汉语@x儿童语言@x研究
690    @aH193.1@v4
701  0 @a周国光@4著
701  0 @a王葆华@4著
801    @aCN@bTSTC@c20031210
905    @b329838-842@dH193.1@e161@f5
    
    儿童句式:发展研究和语言习得理论/周国光,王葆华著.-北京:北京语言文化大学出版社,2001
    343页;20cm
    附录:神经语言学·大脑语言机构·失语症的症状
    
    ISBN 7-5619-0935-7:CNY18.00
    
●
相关链接 在E读中查询图书 在五车中查询图书 在当当中查询图书 在豆瓣中查询图书


正题名:儿童句式     索取号:H193.1/161         预约/预借

序号 登录号 条形码 馆藏地/架位号 状态 备注
1 0329838   203298387   第四借阅区/ [索取号:H193.1/161] 在馆    
2 0329839   203298396   第四借阅区/ [索取号:H193.1/161] 在馆    
3 0329840   203298403   第四借阅区/ [索取号:H193.1/161] 在馆    
4 0329841   203298412   第四借阅区/ [索取号:H193.1/161] 在馆    
5 0329842   203298421   第二样本阅览室/ [索取号:H193.1/161] 在馆    
唐山师范学院图书馆 欢迎您!
大连网信软件有限公司© 版权所有